Mom and mum are getting married! /

Gardado en:
Detalles Bibliográficos
Autor Principal: Setterington, Ken (Author)
Outros autores: Priestley, Alice
Formato: Libro
Idioma:inglés
Publicado: Toronto : Secon story press, c2005
Tags: Engadir etiqueta
Sen Etiquetas, Sexa o primeiro en etiquetar este rexistro!

MARC

LEADER 00000nam a22000007i 4500
001 IT\ICCU\UBO\3359689
003 ItRI
005 20260115231837.0
008 080124s2005 xxc|||||| ||||| |||||c
020 |a 1896764843 
040 |b ita  |c importazione bologna sebina 
041 7 |a eng  |2 ISO-639-2 
100 1 |a Setterington, Ken  |0 IT\ICCU\UBOV\219996  |4 aut 
245 1 0 |a Mom and mum are getting married! /  |c written by Ken Setterington ; illustrated by Alice Priestley. 
260 |a Toronto :  |b Secon story press,  |c c2005 
300 |a 1 v. (senza paginazione) :  |b ill. ;  |c 23 cm. 
700 1 |a Priestley, Alice  |0 IT\ICCU\UBOV\578759 
942 |2 ddc  |c BK  |n 0 
952 |0 0  |1 0  |4 0  |6 R_813_600000000000000_SET  |7 0  |9 14064  |a BO  |b BO  |d 2026-01-15  |i 18102  |l 0  |o R 813.6 SET  |p BO18102  |r 2026-01-15 23:18:37  |w 2026-01-15  |x [Sebina 5] [1 v.]  |y BK  |z 1 v. 
999 |c 12121  |d 12121